000 00346nam a2200145Ia 4500
008 221030s9999 xx 000 0 und d
041 _aEnglish
082 _a105.23
100 _aS.k. Bhattacharya
245 0 _aElectronics and Instrumentation
_cby S.k. Bhattacharya , R. Vig
260 _c0
650 _aB
700 _aR. Vig
942 _cBK
999 _c10797
_d10797